Incollable #39 - Loisir - Statistiques

Statistiques générales
  • Ce quiz a été pris 438 fois
  • Le résultat moyen est 10 sur 13
Statistiques - réponses
Niveaux Questions Réponses % Correct
CP De quelle couleur est Shrek ? Il est de couleur verte
100%
CP Comment appelle-t-on une personne qui interprète une chanson ? Un chanteur | Une chanteuse
99%
CM2 En animation, que signifie le « D » de « 3D » ? Dimensions
93%
CM1 Cite une épreuve de saut en athlétisme. Saut en longueur | Saut en hauteur | Saut à la perche | Triple saut
93%
CE1 Comment s’appelle la sœur de Tom-Tom ? Nana
90%
Lycée Combien faut-il être de joueurs pour pratiquer des jeux de table, comme le backgammon ? 2 joueurs
86%
Lycée En 2006, 2009 et 2021, quel acteur français, interprète au cinéma le rôle de l’agent secret OSS 117 ? Jean Dujardin
81%
Collège Quel compositeur de musique baroque du XVIIIème siècle a composé Les Quatre saisons ? Antonio Vivaldi
80%
CM1 Mon premier est le participe passé du verbe « boire ».Mon second est un fleuve qui traverse la France et l’Allemagne. Mon tout est un outil de sculpture. Le burin (bu-Rhin)
78%
Collège Quels sont les deux prénoms de Mozart ? Wolfgang Amadeus Mozart
58%
CM2 Quel est le métier de Spiderman au journal Le Daily Bugle ? Photographe
54%
CE1 Que mâche Lucky Luke ? Un brin d’herbe
54%
CE2 Dans Shrek 3, de quel royaume Shrek doit-il devenir le roi ? Le royaume de Fort Fort Lointain
41%
Aucun quiz correspondant
Distribution des résultats
% des personnes avec chaque résultat
Percentile par nombre de réponses
Votre historique - résultats
Vous n’avez pas pris ce quiz